000 010050000a22002650004500
090 _aAR
_b00555
100 1 _aPinilla A., Gabriel Antonio
_993606
700 1 _aAlvarado Chacón, Elvira María
_944138
700 1 _aLeón, Tomas E.
_993607
245 1 0 _aEstructura y fisionomía de la vegetación terrestre del parque nacional natural Corales del Rosario. Colombia
650 1 4 _aCobertura vegetal
_992269
650 1 4 _aBotánica
_9361
650 1 4 _aBosques tropicales
_992765
650 1 4 _aFisionomía vegetal
_993608
651 4 _lParque Nacional Natural Corales del Rosario
_dBolivar
_pColombia
_992749
653 _gGliricidia
_eGliricidia sepium
653 _gAstronium
_eAstronium fraxinifolium
653 _gBursera
_eBursera simaruba
653 _gSpondias
_eSpondias purpúrea
653 _gMorinda
_eMorinda panamensis
653 _gAstronium
_eAstronium fraxinifolium
041 0 _aEspañol
942 _cARTICULO
773 1 _tBoletín Ecotrópica: Ecosistemas Tropicales
_3213
_h22
_q3-19
_d1990
999 _c9649
_d9649